Rough patch (Record no. 85043)

MARC details
000 -LEADER
fixed length control field 01025cab a22002775a 4500
001 - CONTROL NUMBER
control field L159884
008 - FIXED-LENGTH DATA ELEMENTS--GENERAL INFORMATION
fixed length control field 150113e2017 xxk 000 0 eng d
035 ## - SYSTEM CONTROL NUMBER
System control number (Sirsi) u159884
041 0# - LANGUAGE CODE
Language code of text/sound track or separate title eng
050 ## - LIBRARY OF CONGRESS CALL NUMBER
Classification number 306.82 $2 18
100 1# - MAIN ENTRY--PERSONAL NAME
Personal name Appleby, Mike
245 00 - TITLE STATEMENT
Title Rough patch
Medium [electronic resource]
260 ## - PUBLICATION, DISTRIBUTION, ETC.
Place of publication, distribution, etc. London
Name of publisher, distributor, etc. RICS
Date of publication, distribution, etc. 2017
490 ## - SERIES STATEMENT
Series statement RICS Building Surveying Journal
Volume/sequential designation December 2017 - January 2018, 18-20(3)
520 ## - SUMMARY, ETC.
Summary, etc. With homelessness becoming an increasingly visible problem across the country, authors consider the legal and ethical implications of dealing with rough sleepers around commercial properties.
650 24 - SUBJECT ADDED ENTRY--TOPICAL TERM
Topical term or geographic name entry element HOMELESSNESS
650 24 - SUBJECT ADDED ENTRY--TOPICAL TERM
Topical term or geographic name entry element PUBLIC SPACE
650 24 - SUBJECT ADDED ENTRY--TOPICAL TERM
Topical term or geographic name entry element DETERRENTS
650 24 - SUBJECT ADDED ENTRY--TOPICAL TERM
Topical term or geographic name entry element Property management
9 (RLIN) 6262
651 #4 - SUBJECT ADDED ENTRY--GEOGRAPHIC NAME
Geographic name United Kingdom
Chronological subdivision
690 ## - LOCAL SUBJECT ADDED ENTRY--TOPICAL TERM (OCLC, RLIN)
Topical term or geographic name as entry element Commercial property
9 (RLIN) 6227
700 1# - ADDED ENTRY--PERSONAL NAME
Personal name Taylor, Anthony
856 40 - ELECTRONIC LOCATION AND ACCESS
Uniform Resource Identifier <a href="https://issuu.com/ricsmodus/docs/building_surveying_journal_december_cfa9ea648afe6a">https://issuu.com/ricsmodus/docs/building_surveying_journal_december_cfa9ea648afe6a</a>
Link text Available free online via Issuu
856 40 - ELECTRONIC LOCATION AND ACCESS
Uniform Resource Identifier <a href=""></a>
Public note
942 ## - ADDED ENTRY ELEMENTS (KOHA)
Suppress in OPAC 0
Holdings
Withdrawn status Lost status Source of classification or shelving scheme Damaged status Not for loan Home library Current library Shelving location Date acquired Total Checkouts Full call number Barcode Date last seen Copy number Price effective from Koha item type
    Dewey Decimal Classification     London London Journal article 21/03/2018   L159884 159884-1001 06/08/2019 1 06/08/2019 Journal article